01755nam a2200337 i 4500001001000000003000900010005001700019007000300036008004100039040003000080082001700110100005300127245012100180260002700301264014400328300005900472336002700531337003300558338002800591500006400619590002700683700004800710710005800758710005200816910001400868942001400882952012700896952013301023952024401156999001701400000027448DO-SdBNP20241126144100.0ta110331s1983 dr ao 000 0 spa d aDO-SdBNPbspacBNPHUerda axxbB7372221 aBorrell B., Pedro J.,d1944-eautor4aut.96697010aHistoria y rescate del Galeon nuestra señora de la Concepción /cPedro Borrell B. ; fotografías Federico Schad fEditor Amigo del Hogar 1aSanto Domingo :bMuseo de las Casas Reales,bComisión de Rescate Arqueológico Submarino, bGrupo de investigaciones Submarinas, c1983. a122 páginasbilustraciones, fotografías ; c19 cm. atextobtxt2rdacontent asin mediaciónbn2rdamedia avolumenbnc2rdacarrier aIncluye datos biografícos del autor en la contraportada.  aInventariado, 2024/ YL1 aSchad, Federicoefotografías4fot.9868372 aComisión de Rescate Arqueológico Submarino9545172 aGrupo de Investigaciones Submarinas(GIS)954518 aYLockward 2ddccLBS1 00102ddc51708PDaBNPHUbBNPHUcHDd2011-03-31iLF1l0o BNPHU PDp27448-10r2020-06-25w2020-06-25yLBS1ZNo se presta 00102ddc51708PDaBNPHUbBNPHUcHDd2013-09-04iLF1l0o BNPHU PDp27448-20r2020-06-25te. 2w2020-06-25yLBS1ZNo se presta 00102ddc56708DSaBNPHUbBNPHUcHDd2023-12-01eDonado por la Presidencia de la República Dominicana 2023iLF1l0oBNPHU DSp2024-6790r2024-11-28te. 3w2024-11-28yLBS1zPerteneció a la biblioteca personal de Emilio Cordero Michel c26940d26940